| 000 | 00411nam a2200145Ia 4500 | ||
|---|---|---|---|
| 008 | 220216s9999 xx 000 0 und d | ||
| 100 | _aBishop R O | ||
| 245 | 4 | _aThe effect of simple carbohydrates on the vulcanisation of rubber | |
| 260 |
_bJournal of the Rubber Research Institute of Malaya _c1932 |
||
| 300 | _a150-159 | ||
| 650 | _aRubber | ||
| 650 | _aVulcanisation | ||
| 700 | _aRhodes E | ||
| 942 | _cJS | ||
| 999 |
_c70638 _d70638 |
||